| 000 | 00444nam a2200169 a 4500 | ||
|---|---|---|---|
| 001 | 3314 | ||
| 005 | 20140414131908.0 | ||
| 008 | 040526s19uu xx 00 eng d | ||
| 050 |
_aER _bB72 1999 |
||
| 245 | _aBrave little tailor (The). | ||
| 260 |
_aHong Kong : _bGeneral Creation, _c1999. |
||
| 300 | _a1 v. p. : ill. ; cm. | ||
| 440 | _aBaby Bear's Read Along | ||
| 650 | _aFairy tales. | ||
| 650 | _aChildren stories. | ||
| 999 |
_c111071 _d111071 |
||